000 01112nam a2200289 a 4500
003 BLK
005 20250625104225.0
008 180409b bul|||||r ||||||| ||bul||
010 _aKNG00109431000
020 _a9786197560183
040 _aBLK
041 _aBUL
_cBUL
072 7 _2bullib
_aН85
_xДетска художествена литература Н
080 _aАмериканска литература (на САЩ)
_b821.111(73)
_x-93-32
_z821.111(73)-93-32
100 1 _aКини, Джеф
_eпърви автор
_9309890
139 _aКини, Джеф
_bК 54
245 1 0 _aРаули Джеферсън
_bПризрачните патила на един дърдорко
_cДжеф Кини; прев. Михаил Балабанов.
257 _aBGR
260 _bДУО ДИЗАЙН
_c2022
_aСофия
300 _a218 с.
_bс ил.
_c21 см
380 _aDX
700 _aБалабанов, Михаил Петров
_eпрев. от англ.
_91021
856 4 _qpdf
856 4 _qpdf
942 _cKNG
_n0
_s1
_058
944 _k30534
_lРадостина Карадакова
999 _c400587
_d400587